000 003090000a22001450004500
003 MACL
040 _aMACL
090 _c33824
_d33822
100 _aLotia, Manahar
245 _aCore Idraw 9
260 _bBPB Computer Course
_c2001
350 _a66
650 _aComputer probraming
942 _cBOOK
_k005/Lot
999 _c33469
_d33469